[Event "16. Rusia tch HL"]
[Site "Dagomys RUS"]
[Date "2009.04.08"]
[Round "7.27"]
[White "Smirnov, Pavel"]
[Black "Rustemov, Alexander"]
[Result "1/2-1/2"]
[WhiteElo "2575"]
[BlackElo "2520"]
[PlyCount "41"]
[EventDate "2009.04.02"]
[EventType "team"]
[EventRounds "8"]
[EventCountry "RUS"]
[Source "lmi"]
[SourceDate "2009.04.04"]

1. e4 e5 2. Nf3 Nf6 3. Nxe5 d6 4. Nf3 Nxe4 5. d4 d5 6. Bd3 Nc6 7. O-O Be7 8. c4
Nb4 9. Be2 O-O 10. Nc3 Bf5 11. a3 Nxc3 12. bxc3 Nc6 13. Re1 dxc4 14. Bxc4 h6
15. d5 Na5 16. Ba2 Bd6 17. Nd4 Bg6 18. Qf3 Re8 19. Bf4 Qf6 20. Bxd6 Qxd6 21. c4
1/2-1/2

[Event "16. Rusia tch HL"]
[Site "Dagomys RUS"]
[Date "2009.04.08"]
[Round "7.28"]
[White "Ivanov, Alexander Al"]
[Black "Chuprov, Dmitry"]
[Result "1-0"]
[WhiteElo "2503"]
[BlackElo "2561"]
[PlyCount "193"]
[EventDate "2009.04.02"]
[EventType "team"]
[EventRounds "8"]
[EventCountry "RUS"]
[Source "lmi"]
[SourceDate "2009.04.04"]

1. e4 c5 2. Nf3 e6 3. Qe2 Nc6 4. g3 d6 5. Bg2 Nf6 6. O-O Be7 7. Re1 O-O 8. c3
e5 9. d3 Re8 10. h3 Rb8 11. Nbd2 Bf8 12. Nf1 d5 13. Bg5 d4 14. c4 h6 15. Bxf6
Qxf6 16. N3d2 a6 17. h4 b5 18. Bf3 Na5 19. b3 bxc4 20. Nxc4 Nxc4 21. bxc4 Bd7
22. Bg4 Ba4 23. Reb1 Bd6 24. Qd2 Bc7 25. Bd1 Bc6 26. Nh2 Qd8 27. Qc1 Ba5 28.
Rxb8 Qxb8 29. Rb1 Qc7 30. Bc2 Rf8 31. Qb2 Bb4 32. a3 Ba5 33. Bd1 Qe7 34. Bg4 g6
35. Bf3 h5 36. Qe2 Kg7 37. Kg2 Rh8 38. Qd1 Qc7 39. Qb3 Qd7 40. Qb2 Qe6 41. Qc1
Qd6 42. Qb2 Rf8 43. Kg1 Qd8 44. Kg2 Rh8 45. Kg1 Qa8 46. Nf1 Bc7 47. Nd2 Rb8 48.
Qc2 Rxb1+ 49. Qxb1 a5 50. Bd1 a4 51. Bc2 Qa5 52. Qc1 Bd6 53. Kf1 Bd7 54. Bd1
Kh7 55. Qb2 Bf8 56. Nf3 Qc7 57. Ng5+ Kg8 58. Kg2 Bh6 59. Kf1 f6 60. Nf3 Kf7 61.
Kg2 Ke7 62. Kf1 Kd8 63. Be2 Kc8 64. Kg2 Qa5 65. Kf1 Kc7 66. Bd1 Qc3 67. Qxc3
dxc3 68. Ne1 Bc1 69. Nc2 Kb6 70. Ne3 Bxa3 71. Nd5+ Ka5 72. Nxc3 Bb2 73. Nd5 f5
74. Ke2 Bd4 75. Bc2 a3 76. Bb1 Be6 77. Ba2 f4 78. Ke1 f3 79. Ne7 Kb4 80. Kd2
Ka5 81. Nc6+ Kb6 82. Nxd4 exd4 83. Kc2 Bh3 84. Kb3 Bf1 85. Bb1 Bh3 86. Kxa3 Ka5
87. Bc2 Bf1 88. Kb3 Be2 89. e5 Kb6 90. e6 Kc6 91. Ka4 Kd6 92. Kb5 Kxe6 93. Kxc5
Ke5 94. Kb6 Bf1 95. c5 Bh3 96. c6 Kd6 97. Bd1 1-0

[Event "16. Rusia tch HL"]
[Site "Dagomys RUS"]
[Date "2009.04.08"]
[Round "7.30"]
[White "Papin, Vasily"]
[Black "Genba, Vladimir"]
[Result "1/2-1/2"]
[WhiteElo "2462"]
[BlackElo "2441"]
[PlyCount "33"]
[EventDate "2009.04.02"]
[EventType "team"]
[EventRounds "8"]
[EventCountry "RUS"]
[Source "lmi"]
[SourceDate "2009.04.04"]

1. d4 d5 2. c4 e6 3. Nf3 c5 4. cxd5 exd5 5. g3 Nc6 6. Bg2 Nf6 7. O-O Be7 8. Nc3
O-O 9. b3 Ne4 10. Bb2 cxd4 11. Nb5 Bf6 12. Nbxd4 Re8 13. Rc1 Qb6 14. h3 Bd7 15.
e3 a5 16. Ba1 Nb4 17. a3 1/2-1/2

[Event "16. Rusia tch HL"]
[Site "Dagomys RUS"]
[Date "2009.04.09"]
[Round "8.2"]
[White "Gasanov, Eldar"]
[Black "Khairullin, Ildar"]
[Result "1/2-1/2"]
[WhiteElo "2551"]
[BlackElo "2606"]
[PlyCount "49"]
[EventDate "2009.04.02"]
[EventType "team"]
[EventRounds "8"]
[EventCountry "RUS"]
[Source "lmi"]
[SourceDate "2009.04.04"]

1. d4 Nf6 2. c4 e6 3. Nc3 Bb4 4. Qc2 O-O 5. a3 Bxc3+ 6. Qxc3 d5 7. cxd5 Ne4 8.
Qc2 exd5 9. e3 Bf5 10. Bd3 Bg6 11. Ne2 Nd6 12. O-O Bxd3 13. Qxd3 Nd7 14. b3 Re8
15. a4 c6 16. Ra2 Qh4 17. f3 Nf8 18. Ba3 Rad8 19. Ng3 g6 20. Re2 Ne6 21. Qd2
Qf6 22. Nh1 h5 23. Nf2 Nf5 24. Nd3 a6 25. Bb2 1/2-1/2

[Event "16. Rusia tch HL"]
[Site "Dagomys RUS"]
[Date "2009.04.09"]
[Round "8.4"]
[White "Ivanov, Alexander Al"]
[Black "Shaposhnikov, Evgeny"]
[Result "1/2-1/2"]
[WhiteElo "2503"]
[BlackElo "2549"]
[PlyCount "185"]
[EventDate "2009.04.02"]
[EventType "team"]
[EventRounds "8"]
[EventCountry "RUS"]
[Source "lmi"]
[SourceDate "2009.04.04"]

1. e4 c5 2. Nf3 e6 3. d3 Nc6 4. g3 g6 5. Bg2 Bg7 6. O-O Nf6 7. Qe2 O-O 8. Re1
d5 9. h3 h6 10. g4 e5 11. c4 dxc4 12. dxc4 Nd4 13. Qd1 h5 14. Nh2 hxg4 15. hxg4
Be6 16. b3 Nh7 17. Nc3 Bf6 18. Nd5 Bg5 19. Be3 Bxd5 20. cxd5 Qf6 21. Qd2 Rfe8
22. Rac1 b6 23. Rc4 Bxe3 24. Qxe3 Ng5 25. b4 Kg7 26. bxc5 bxc5 27. Rxc5 Rh8 28.
Rc4 Rxh2 29. Kxh2 Ndf3+ 30. Bxf3 Nxf3+ 31. Kg2 Nxe1+ 32. Qxe1 Qf4 33. Qe3 Qxg4+
34. Qg3 Qh5 35. Rc1 Rh8 36. d6 Kf6 37. d7 Rd8 38. Rc7 a5 39. Qd3 Qg4+ 40. Kf1
Qe6 41. Ke1 Kg7 42. a4 Qg4 43. Kd2 Qf4+ 44. Kd1 Qg4+ 45. Kc2 Qe6 46. Qb5 Qa2+
47. Kd3 Qa1 48. Qd5 f5 49. Ke2 Qb2+ 50. Ke3 fxe4 51. Rc8 Qd4+ 52. Qxd4 exd4+
53. Kxd4 Rxd7+ 54. Kxe4 Rb7 55. Rc4 Kh6 56. f4 Rb1 57. Ke5 Rh1 58. Rc8 Rh5+ 59.
Ke4 Rf5 60. Rc7 Rh5 61. Rf7 Rh4 62. Ke5 Rh5+ 63. Kd6 Rh3 64. f5 g5 65. Ke5 g4
66. Rf8 Kg7 67. Rc8 g3 68. f6+ Kf7 69. Rc7+ Kg8 70. Ke6 Rh6 71. Rg7+ Kf8 72.
Rxg3 Rh4 73. Ra3 Rb4 74. Ra1 Rb6+ 75. Ke5 Rb4 76. Ra2 Kf7 77. Ra3 Kf8 78. Ke6
Rb6+ 79. Kf5 Rb4 80. Kg6 Rg4+ 81. Kf5 Rb4 82. Kg5 Kf7 83. Ra1 Rc4 84. Kf5 Rc5+
85. Ke4 Kxf6 86. Kd4 Rc2 87. Rb1 Ra2 88. Rb6+ Kg7 89. Kc5 Rxa4 90. Kb5 Ra1 91.
Ra6 Kh7 92. Rxa5 Rxa5+ 93. Kxa5 1/2-1/2

[Event "16. Rusia tch HL"]
[Site "Dagomys RUS"]
[Date "2009.04.09"]
[Round "8.5"]
[White "Evdokimov, Alexander A"]
[Black "Gabrielian, Artur"]
[Result "1/2-1/2"]
[WhiteElo "2546"]
[BlackElo "2462"]
[PlyCount "61"]
[EventDate "2009.04.02"]
[EventType "team"]
[EventRounds "8"]
[EventCountry "RUS"]
[Source "lmi"]
[SourceDate "2009.04.04"]

1. d4 Nf6 2. c4 c5 3. d5 e6 4. Nc3 exd5 5. cxd5 d6 6. Nf3 g6 7. h3 Bg7 8. e4
O-O 9. Bd3 b5 10. Bxb5 Nxe4 11. Nxe4 Qa5+ 12. Nfd2 Qxb5 13. Nxd6 Qa6 14. N2c4
Nd7 15. O-O Ne5 16. Nxe5 Qxd6 17. Nc6 Bb7 18. Qc2 Bxc6 19. dxc6 Qxc6 20. Be3 c4
21. Rfd1 Rfc8 22. Bd4 Rab8 23. Qc3 Bxd4 24. Rxd4 Qa6 25. Rd7 Rb7 26. Rd2 Re8
27. Rd4 h5 28. g3 Rb3 29. Qc2 Qb6 30. Rd2 Rb8 31. Qxc4 1/2-1/2

[Event "16. Rusia tch HL"]
[Site "Dagomys RUS"]
[Date "2009.04.09"]
[Round "8.6"]
[White "Papin, Vasily"]
[Black "Kovchan, Alexander"]
[Result "1/2-1/2"]
[WhiteElo "2462"]
[BlackElo "2543"]
[PlyCount "47"]
[EventDate "2009.04.02"]
[EventType "team"]
[EventRounds "8"]
[EventCountry "RUS"]
[Source "lmi"]
[SourceDate "2009.04.04"]

1. e4 c6 2. Nc3 d5 3. Nf3 Bg4 4. h3 Bxf3 5. Qxf3 e6 6. g3 Nd7 7. Bg2 g6 8. O-O
Bg7 9. Ne2 Ne7 10. d4 O-O 11. c3 Qb6 12. Rb1 Rfe8 13. Nf4 Qa6 14. a3 dxe4 15.
Qxe4 Nd5 16. Re1 Qb6 17. Qc2 a5 18. Nd3 a4 19. Bd2 Qa7 20. Re2 b5 21. Rbe1 Qc7
22. Qc1 Qd6 23. Bh6 Rac8 24. Bxg7 1/2-1/2

[Event "16. Rusia tch HL"]
[Site "Dagomys RUS"]
[Date "2009.04.09"]
[Round "8.8"]
[White "Lastin, Alexander"]
[Black "Nikolenko, Oleg"]
[Result "1/2-1/2"]
[WhiteElo "2650"]
[BlackElo "2524"]
[PlyCount "33"]
[EventDate "2009.04.02"]
[EventType "team"]
[EventRounds "8"]
[EventCountry "RUS"]
[Source "lmi"]
[SourceDate "2009.04.04"]

1. e4 e6 2. d4 d5 3. Nd2 c5 4. Ngf3 Nf6 5. e5 Nfd7 6. c3 Nc6 7. Bd3 Qb6 8. O-O
cxd4 9. cxd4 Nxd4 10. Nxd4 Qxd4 11. Nf3 Qb6 12. Qa4 Qb4 13. Qc2 Nc5 14. Bd2 Qa4
15. b3 Qd7 16. Rac1 b6 17. b4 1/2-1/2

[Event "16. Rusia tch HL"]
[Site "Dagomys RUS"]
[Date "2009.04.09"]
[Round "8.11"]
[White "Belov, Igor"]
[Black "Kabanov, Nikolai"]
[Result "0-1"]
[WhiteElo "2443"]
[BlackElo "2517"]
[PlyCount "84"]
[EventDate "2009.04.02"]
[EventType "team"]
[EventRounds "8"]
[EventCountry "RUS"]
[Source "lmi"]
[SourceDate "2009.04.04"]

1. Nf3 Nf6 2. c4 g6 3. Nc3 Bg7 4. e4 d6 5. d4 O-O 6. Be2 e5 7. d5 a5 8. Bg5 Na6
9. Nd2 Qe8 10. a3 Bd7 11. b3 h6 12. Be3 Nh7 13. Rb1 f5 14. f3 Nf6 15. b4 b6 16.
O-O f4 17. Bf2 g5 18. bxa5 bxa5 19. c5 Nxc5 20. Bxc5 dxc5 21. Nc4 Kh8 22. d6
cxd6 23. Qxd6 Be6 24. Rb6 Bg8 25. Nb5 Rd8 26. Qxe5 Qh5 27. Rb7 Rfe8 28. Qb2 Rd7
29. Rxd7 Nxd7 30. Qd2 Bxc4 31. Bxc4 Ne5 32. Be2 Qg6 33. Rd1 g4 34. fxg4 Rf8 35.
Bf3 Nxg4 36. Qd6 Qg5 37. Qe6 Ne3 38. Rd2 c4 39. e5 Qxe5 40. Qxe5 Bxe5 41. Be4
c3 42. Re2 Rd8 0-1

[Event "16. Rusia tch HL"]
[Site "Dagomys RUS"]
[Date "2009.04.09"]
[Round "8.12"]
[White "Genba, Vladimir"]
[Black "Glotov, Mikhail"]
[Result "1-0"]
[WhiteElo "2441"]
[BlackElo "2345"]
[PlyCount "105"]
[EventDate "2009.04.02"]
[EventType "team"]
[EventRounds "8"]
[EventCountry "RUS"]
[Source "lmi"]
[SourceDate "2009.04.04"]

1. e4 c5 2. Nf3 d6 3. d4 cxd4 4. Nxd4 Nf6 5. f3 Nc6 6. c4 Qb6 7. Nc2 g6 8. Nc3
Bg7 9. Rb1 Ng4 10. Qd2 Bh6 11. Qe2 Bxc1 12. Rxc1 Nge5 13. b3 Be6 14. f4 Nd7 15.
Qe3 Nb4 16. Qxb6 Nxc2+ 17. Rxc2 Nxb6 18. Nb5 O-O 19. Nc7 Rac8 20. Nxe6 fxe6 21.
g3 Nd7 22. Bh3 Rf6 23. Rd2 Rc7 24. Ke2 g5 25. e5 dxe5 26. fxg5 Rg6 27. Bg4 h6
28. Rhd1 Nc5 29. Rd8+ Kh7 30. Bf3 hxg5 31. Ke3 a5 32. Ra8 g4 33. Be2 b6 34.
Rdd8 Kh6 35. Rh8+ Kg5 36. Raf8 Rf6 37. Rfg8+ Rg6 38. Rxg6+ Kxg6 39. Bxg4 Rd7
40. Be2 e4 41. Rf8 a4 42. b4 Nd3 43. Bxd3 Rxd3+ 44. Kxe4 Rd2 45. a3 Ra2 46. Rb8
Rxh2 47. Rxb6 Ra2 48. c5 Rxa3 49. c6 Rc3 50. b5 a3 51. Ra6 Rc5 52. Rxa3 Rxb5
53. Rc3 1-0

[Event "16. Rusia tch HL"]
[Site "Dagomys RUS"]
[Date "2009.04.09"]
[Round "8.13"]
[White "Landa, Konstantin"]
[Black "Makarov, Aleksandr"]
[Result "1-0"]
[WhiteElo "2627"]
[BlackElo "2209"]
[PlyCount "73"]
[EventDate "2009.04.02"]
[EventType "team"]
[EventRounds "8"]
[EventCountry "RUS"]
[Source "lmi"]
[SourceDate "2009.04.04"]

1. d4 d5 2. c4 c6 3. Nf3 Nf6 4. e3 Bg4 5. h3 Bxf3 6. Qxf3 e6 7. Nc3 Nbd7 8. Bd2
Bd6 9. Qe2 O-O 10. g3 dxc4 11. Qxc4 e5 12. dxe5 Bxe5 13. Bg2 Nb6 14. Qe2 Nbd5
15. O-O Qe7 16. Nd1 Rfe8 17. e4 Bc7 18. Re1 Rad8 19. Qc4 Nb6 20. Qc2 Nc4 21.
Bc3 Be5 22. Bxe5 Nxe5 23. Ne3 Qb4 24. Red1 h5 25. a3 Qb6 26. Qc3 h4 27. Rxd8
Qxd8 28. Rd1 Qb6 29. gxh4 Nh5 30. Nf5 Nf4 31. Bf1 g6 32. Nh6+ Kg7 33. Ng4 f6
34. Rd6 Nxg4 35. hxg4 Re5 36. Rd7+ Kh6 37. g5+ 1-0

[Event "16. Rusia tch HL"]
[Site "Dagomys RUS"]
[Date "2009.04.09"]
[Round "8.14"]
[White "Yevseev, Denis"]
[Black "Khenkin, Igor"]
[Result "1/2-1/2"]
[WhiteElo "2529"]
[BlackElo "2630"]
[PlyCount "45"]
[EventDate "2009.04.02"]
[EventType "team"]
[EventRounds "8"]
[EventCountry "RUS"]
[Source "lmi"]
[SourceDate "2009.04.04"]

1. d4 Nf6 2. c4 e6 3. g3 d5 4. Bg2 dxc4 5. Nf3 Nc6 6. Qa4 Bb4+ 7. Bd2 Nd5 8.
Bxb4 Ndxb4 9. Ne5 O-O 10. Nxc6 Nxc6 11. e3 e5 12. d5 Ne7 13. Nc3 c6 14. dxc6
Qb6 15. cxb7 Bxb7 16. Bxb7 Qxb7 17. O-O Qxb2 18. Rfc1 Rfc8 19. Ne4 Qe2 20. Nd6
Rc6 21. Nf5 Re6 22. Nxe7+ Rxe7 23. Qxc4 1/2-1/2

[Event "16. Rusia tch HL"]
[Site "Dagomys RUS"]
[Date "2009.04.09"]
[Round "8.15"]
[White "Rakhmanov, Aleksandr"]
[Black "Klimov, Sergey"]
[Result "1/2-1/2"]
[WhiteElo "2543"]
[BlackElo "2521"]
[PlyCount "51"]
[EventDate "2009.04.02"]
[EventType "team"]
[EventRounds "8"]
[EventCountry "RUS"]
[Source "lmi"]
[SourceDate "2009.04.04"]

1. c4 g6 2. Nf3 Bg7 3. e4 e5 4. d4 exd4 5. Nxd4 Nc6 6. Be3 Nge7 7. Nc3 d6 8.
Be2 O-O 9. O-O f5 10. Nxc6 bxc6 11. Bd4 Bxd4 12. Qxd4 c5 13. Qd2 Bb7 14. exf5
Nxf5 15. Bd3 Qh4 16. f4 Rae8 17. Rae1 Nd4 18. Re3 Bc6 19. Be4 Bxe4 20. Nxe4 Re6
21. Ng5 Rxe3 22. Qxe3 Rxf4 23. Qe8+ Kg7 24. Rxf4 Qxf4 25. Qd7+ Kf8 26. Qd8+
1/2-1/2

[Event "16. Rusia tch HL"]
[Site "Dagomys RUS"]
[Date "2009.04.09"]
[Round "8.16"]
[White "Matlakov, Maxim"]
[Black "Ulko, Jaroslav"]
[Result "1-0"]
[WhiteElo "2533"]
[BlackElo "2489"]
[PlyCount "75"]
[EventDate "2009.04.02"]
[EventType "team"]
[EventRounds "8"]
[EventCountry "RUS"]
[Source "lmi"]
[SourceDate "2009.04.04"]

1. d4 Nf6 2. c4 g6 3. Nf3 Bg7 4. g3 O-O 5. Bg2 c6 6. O-O d5 7. Qb3 dxc4 8. Qxc4
Bf5 9. Nc3 Nbd7 10. e3 Ne4 11. Qe2 Nxc3 12. bxc3 e5 13. Rd1 Qa5 14. Bb2 exd4
15. cxd4 Be4 16. Bf1 Nb6 17. Nd2 Bd5 18. e4 Rfe8 19. Qf3 Na4 20. Ba3 Be6 21.
Nb3 Qg5 22. Re1 Rad8 23. Rac1 Qg4 24. Qg2 Bxb3 25. axb3 Nb6 26. d5 cxd5 27.
exd5 Rxe1 28. Rxe1 Bf8 29. d6 Bxd6 30. Bb2 Qb4 31. Qf3 Be7 32. Re4 Qc5 33. h4
Rd2 34. Bc3 Rd7 35. h5 Nd5 36. hxg6 hxg6 37. Bc4 f6 38. Rd4 1-0

[Event "16. Rusia tch HL"]
[Site "Dagomys RUS"]
[Date "2009.04.09"]
[Round "8.18"]
[White "Malakhov, Igor"]
[Black "Chernobay, Artem"]
[Result "1-0"]
[WhiteElo "2380"]
[BlackElo "2398"]
[PlyCount "55"]
[EventDate "2009.04.02"]
[EventType "team"]
[EventRounds "8"]
[EventCountry "RUS"]
[Source "lmi"]
[SourceDate "2009.04.04"]

1. e4 e6 2. d4 d5 3. Nc3 Bb4 4. e5 c5 5. a3 Bxc3+ 6. bxc3 Ne7 7. Qg4 Qc7 8.
Qxg7 Rg8 9. Qxh7 cxd4 10. Ne2 Nbc6 11. f4 dxc3 12. Qd3 Bd7 13. Qxc3 O-O-O 14.
Bd2 Be8 15. Ng3 f6 16. exf6 Ng6 17. Bb5 e5 18. fxe5 d4 19. Qc5 Ngxe5 20. Bxc6
Bxc6 21. O-O b6 22. Qe7 Qxe7 23. fxe7 Rde8 24. Rae1 Ng4 25. Rf4 Rg6 26. Rxd4
Kb7 27. Rd8 Nf6 28. Re6 1-0

[Event "16. Rusia tch HL"]
[Site "Dagomys RUS"]
[Date "2009.04.09"]
[Round "8.19"]
[White "Sjugirov, Sanan"]
[Black "Kokarev, Dmitry"]
[Result "1/2-1/2"]
[WhiteElo "2588"]
[BlackElo "2603"]
[PlyCount "55"]
[EventDate "2009.04.02"]
[EventType "team"]
[EventRounds "8"]
[EventCountry "RUS"]
[Source "lmi"]
[SourceDate "2009.04.04"]

1. e4 c5 2. Nf3 d6 3. d4 cxd4 4. Nxd4 Nf6 5. Nc3 a6 6. Bg5 e6 7. f4 Be7 8. Qf3
Qc7 9. O-O-O Nbd7 10. g4 h6 11. Bxf6 Bxf6 12. h4 Qb6 13. Nb3 Be7 14. Kb1 Nc5
15. g5 Bd7 16. f5 hxg5 17. hxg5 O-O-O 18. g6 fxg6 19. fxe6 Bxe6 20. Bh3 Rxh3
21. Rxh3 Rf8 22. Qe3 Bg4 23. Nd5 Qd8 24. Rhh1 Bxd1 25. Rxd1 Nxb3 26. axb3 Kb8
27. Qg3 g5 28. Nxe7 1/2-1/2

[Event "16. Rusia tch HL"]
[Site "Dagomys RUS"]
[Date "2009.04.09"]
[Round "8.20"]
[White "Maletin, Pavel"]
[Black "Zontakh, Andrey"]
[Result "1/2-1/2"]
[WhiteElo "2559"]
[BlackElo "2581"]
[PlyCount "51"]
[EventDate "2009.04.02"]
[EventType "team"]
[EventRounds "8"]
[EventCountry "RUS"]
[Source "lmi"]
[SourceDate "2009.04.04"]

1. Nf3 Nf6 2. c4 e6 3. g3 d5 4. d4 dxc4 5. Bg2 c5 6. O-O Nc6 7. Ne5 Bd7 8. Na3
cxd4 9. Naxc4 Be7 10. Qb3 Qc8 11. Bf4 O-O 12. Rac1 Rd8 13. Nxd7 Nxd7 14. Bd6
Nc5 15. Bxc5 Bxc5 16. Qb5 Bf8 17. Na5 Rb8 18. Bxc6 bxc6 19. Qxc6 Qd7 20. Qc2
Re8 21. Nc6 Rb6 22. Ne5 Qd5 23. Qa4 Ra8 24. Nd3 e5 25. Rc7 Qb5 26. Qxb5 1/2-1/2

[Event "16. Rusia tch HL"]
[Site "Dagomys RUS"]
[Date "2009.04.09"]
[Round "8.21"]
[White "Vysochin, Spartak"]
[Black "Kryakvin, Dmitry"]
[Result "0-1"]
[WhiteElo "2543"]
[BlackElo "2583"]
[PlyCount "88"]
[EventDate "2009.04.02"]
[EventType "team"]
[EventRounds "8"]
[EventCountry "RUS"]
[Source "lmi"]
[SourceDate "2009.04.04"]

1. e4 e5 2. Nf3 Nc6 3. Bc4 Bc5 4. O-O Nf6 5. d4 Bxd4 6. Nxd4 Nxd4 7. f4 d6 8.
fxe5 dxe5 9. Bg5 Be6 10. Na3 Qe7 11. c3 Bxc4 12. Bxf6 gxf6 13. Nxc4 Ne6 14. Kh1
Qc5 15. Qd5 Rd8 16. Qxc5 Nxc5 17. Rxf6 Nxe4 18. Rff1 f6 19. Rae1 Nd6 20. Ne3
O-O 21. Nd5 Ne8 22. Ne7+ Kg7 23. Nf5+ Kf7 24. g4 Ng7 25. h4 Nxf5 26. Rxf5 Ke6
27. Ref1 Rf7 28. Kg2 Rg8 29. Kh3 Rg6 30. R1f3 b5 31. b3 Rfg7 32. Rg3 c5 33. c4
b4 34. h5 Rg5 35. Rf1 e4 36. Rf5 Rd7 37. Rf1 Ke5 38. Re1 Rdg7 39. Rd1 f5 40.
Rd5+ Kf4 41. Rg2 fxg4+ 42. Kh4 Rxd5 43. cxd5 g3 44. d6 e3 0-1

[Event "16. Rusia tch HL"]
[Site "Dagomys RUS"]
[Date "2009.04.09"]
[Round "8.22"]
[White "Iljin, Artem"]
[Black "Geller, Jakov"]
[Result "1/2-1/2"]
[WhiteElo "2572"]
[BlackElo "2525"]
[PlyCount "142"]
[EventDate "2009.04.02"]
[EventType "team"]
[EventRounds "8"]
[EventCountry "RUS"]
[Source "lmi"]
[SourceDate "2009.04.04"]

1. d4 d5 2. Nf3 Nf6 3. c4 e6 4. e3 Be7 5. Nc3 O-O 6. a3 b6 7. cxd5 exd5 8. b4
c5 9. bxc5 bxc5 10. dxc5 Bxc5 11. Be2 Nc6 12. O-O Bg4 13. Bb2 Rb8 14. Qc2 Bxf3
15. Bxf3 Ne5 16. Rfd1 Nxf3+ 17. gxf3 Bd6 18. Kh1 Qc8 19. Kg2 Be5 20. Rac1 Qc4
21. f4 d4 22. fxe5 dxc3 23. Bxc3 Qg4+ 24. Kf1 Ne4 25. Bb4 Rfe8 26. Bd6 Rbc8 27.
Qb2 Qh3+ 28. Kg1 Ng5 29. e6 Qxe6 30. Bg3 h5 31. Qb7 Qg4 32. Qg2 Rc2 33. Rf1
Rec8 34. Rxc2 Rxc2 35. Bf4 Nh3+ 36. Kh1 Nxf4 37. Qxg4 hxg4 38. exf4 Ra2 39. f3
gxf3 40. Rxf3 Kf8 41. Rb3 g6 42. f5 gxf5 43. Rf3 a5 44. h4 Kg7 45. h5 a4 46.
Rxf5 Rxa3 47. Kg2 Ra2+ 48. Kg3 Ra3+ 49. Kg2 Ra2+ 50. Kg3 Ra1 51. h6+ Kxh6 52.
Rxf7 a3 53. Kg2 Ra2+ 54. Kg3 Kg6 55. Rf3 Kg5 56. Kh3 Ra1 57. Kg2 Kg4 58. Rg3+
Kf4 59. Rf3+ Ke4 60. Rb3 Ra2+ 61. Kg3 Kd4 62. Rf3 Kc4 63. Rf4+ Kd3 64. Rf3+ Ke4
65. Rf4+ Ke5 66. Rf3 Ra1 67. Kg2 Ke4 68. Rb3 Ra2+ 69. Kg3 Rd2 70. Rxa3 Rd3+ 71.
Rxd3 Kxd3 1/2-1/2

[Event "16. Rusia tch HL"]
[Site "Dagomys RUS"]
[Date "2009.04.09"]
[Round "8.23"]
[White "Slugin, Sergey"]
[Black "Ovetchkin, Roman"]
[Result "1/2-1/2"]
[WhiteElo "2439"]
[BlackElo "2549"]
[PlyCount "25"]
[EventDate "2009.04.02"]
[EventType "team"]
[EventRounds "8"]
[EventCountry "RUS"]
[Source "lmi"]
[SourceDate "2009.04.04"]

1. d4 d5 2. c4 dxc4 3. Nf3 a6 4. e3 b5 5. a4 Bb7 6. b3 e6 7. axb5 axb5 8. Rxa8
Bxa8 9. bxc4 bxc4 10. Bxc4 Nf6 11. O-O Be7 12. Bb5+ c6 13. Be2 1/2-1/2

[Event "16. Rusia tch HL"]
[Site "Dagomys RUS"]
[Date "2009.04.09"]
[Round "8.24"]
[White "Vokarev, Sergey"]
[Black "Gladyszev, Oleg"]
[Result "1/2-1/2"]
[WhiteElo "2521"]
[BlackElo "2434"]
[PlyCount "95"]
[EventDate "2009.04.02"]
[EventType "team"]
[EventRounds "8"]
[EventCountry "RUS"]
[Source "lmi"]
[SourceDate "2009.04.04"]

1. Nf3 Nf6 2. d4 g6 3. g3 Bg7 4. Bg2 O-O 5. O-O c6 6. c3 d5 7. Nbd2 Bf5 8. Nh4
Be6 9. Re1 Nbd7 10. e4 dxe4 11. Nxe4 Nxe4 12. Bxe4 Bd5 13. Bxd5 cxd5 14. Nf3
Nf6 15. Qb3 b6 16. a4 e6 17. Bg5 h6 18. Bxf6 Bxf6 19. Re2 Qc7 20. Qb5 a6 21.
Qd3 Kg7 22. Kg2 Rfc8 23. Re3 Qc4 24. Qd1 b5 25. Nd2 Qc6 26. Nb3 bxa4 27. Nc5
Be7 28. Nxa4 a5 29. b3 Rab8 30. Rb1 Rb5 31. Re2 Rcb8 32. Ra2 Qb7 33. Qe2 Qc7
34. Qc2 Qb7 35. Qe2 Bd6 36. Rab2 Ba3 37. Ra2 Rxb3 38. Rxb3 Qxb3 39. Rxa3 Qxa3
40. Qe5+ Kh7 41. Qxb8 Qxa4 42. Qc7 Kg7 43. Qe5+ Kf8 44. Qd6+ Ke8 45. Qb8+ Ke7
46. Qc7+ Ke8 47. Qc8+ Ke7 48. Qc7+ 1/2-1/2

[Event "16. Rusia tch HL"]
[Site "Dagomys RUS"]
[Date "2009.04.09"]
[Round "8.25"]
[White "Kononenko, Dmitry"]
[Black "Dolmatov, Sergey"]
[Result "1/2-1/2"]
[WhiteElo "2569"]
[BlackElo "2557"]
[PlyCount "37"]
[EventDate "2009.04.02"]
[EventType "team"]
[EventRounds "8"]
[EventCountry "RUS"]
[Source "lmi"]
[SourceDate "2009.04.04"]

1. e4 e6 2. d4 d5 3. e5 c5 4. c3 Nc6 5. Nf3 Qb6 6. a3 Nh6 7. b4 cxd4 8. cxd4
Nf5 9. Bb2 Bd7 10. g4 Nfe7 11. Nc3 Na5 12. Qc2 Nc4 13. Bxc4 dxc4 14. Nd2 Qc6
15. Nce4 c3 16. Nd6+ Kd8 17. Nxf7+ Ke8 18. Nd6+ Kd8 19. Nf7+ 1/2-1/2

[Event "16. Rusia tch HL"]
[Site "Dagomys RUS"]
[Date "2009.04.09"]
[Round "8.26"]
[White "Arslanov, Shamil"]
[Black "Chernyshov, Konstantin"]
[Result "0-1"]
[WhiteElo "2365"]
[BlackElo "2540"]
[PlyCount "86"]
[EventDate "2009.04.02"]
[EventType "team"]
[EventRounds "8"]
[EventCountry "RUS"]
[Source "lmi"]
[SourceDate "2009.04.04"]

1. e4 d6 2. d4 Nf6 3. Nc3 g6 4. f4 Bg4 5. Nf3 d5 6. e5 Ne4 7. Bd3 Nxc3 8. bxc3
c5 9. Bb5+ Nc6 10. O-O Qa5 11. Bxc6+ bxc6 12. Bd2 e6 13. Qb1 Qb6 14. Be3 c4 15.
a4 Bxf3 16. gxf3 Be7 17. Qa2 Kd7 18. Rfb1 Qa6 19. Rb2 Rab8 20. Rab1 Rb6 21. a5
Rb5 22. Rxb5 cxb5 23. Bc1 Rb8 24. Ra1 Rb7 25. Ba3 Qxa5 26. Qb2 b4 27. cxb4 Qb5
28. Rb1 Qa4 29. c3 a5 30. Ra1 Qb3 31. Qxb3 cxb3 32. Rb1 a4 33. Kf2 Kc6 34. Ke2
Kb5 35. Kd3 h5 36. Rg1 Rb6 37. h3 Rc6 38. Rg2 Bf8 39. Rg1 Bh6 40. f5 exf5 41.
h4 Bf4 42. Rg2 g5 43. hxg5 h4 0-1

[Event "16. Rusia tch HL"]
[Site "Dagomys RUS"]
[Date "2009.04.09"]
[Round "8.27"]
[White "Belikov, Vladimir"]
[Black "Kashlinskaya, Alina"]
[Result "1-0"]
[WhiteElo "2505"]
[BlackElo "2344"]
[PlyCount "57"]
[EventDate "2009.04.02"]
[EventType "team"]
[EventRounds "8"]
[EventCountry "RUS"]
[Source "lmi"]
[SourceDate "2009.04.04"]

1. d4 Nf6 2. Nf3 g6 3. Bg5 Bg7 4. Nbd2 d5 5. Bxf6 Bxf6 6. e4 dxe4 7. Nxe4 Bg7
8. Bc4 O-O 9. Qe2 b6 10. O-O-O Bb7 11. h4 Nd7 12. h5 Nf6 13. Neg5 Bd5 14. hxg6
hxg6 15. Bd3 Qd6 16. c4 Bb7 17. Kb1 c5 18. dxc5 Qxc5 19. Ne6 Qc6 20. Nxf8 Kxf8
21. Ne5 Qxg2 22. Rdg1 Qxh1 23. Rxh1 Bxh1 24. f3 Rd8 25. Qc2 Nh5 26. Qh2 Bg2 27.
Bxg6 fxg6 28. Nxg6+ Kg8 29. Qxg2 1-0